Zacílit na generaci Y se vyplácí

Generácia Y a čo si pod tým predstaviť. Tento nový fenomén vstupuje do popredia záujmov personalistov. Prístup zamestnávateľov k náboru talentov s nástupom generácie Y na trh.

Enregistré dans:
Détails bibliographiques
Auteur principal: Hamill, Mark
Format: Chapitre de livre
Langue:tchèque
Sujets:
Tags: Ajouter un tag
Pas de tags, Soyez le premier à ajouter un tag!

MARC

LEADER 00000naa a2200000 4500
001 0123821
005 20231113132239.7
041 0 |a cze 
044 |a CZ 
245 1 0 |a Zacílit na generaci Y se vyplácí  |c Mark Hamill 
520 |a Generácia Y a čo si pod tým predstaviť. Tento nový fenomén vstupuje do popredia záujmov personalistov. Prístup zamestnávateľov k náboru talentov s nástupom generácie Y na trh. 
610 2 0 |a trh práce 
610 2 0 |a mladiství 
610 2 0 |a výkonnosť 
610 2 0 |a talenty 
610 2 0 |a nábor pracovníkov 
610 2 0 |a manažment personálny 
100 1 |a Hamill, Mark